Návrh a simulácia vlastností vybraných fotonických prvkov

Salvato in:
Dettagli Bibliografici
Autore principale: Feiler, Martin (Autore)
Altri autori: Uherek, František (Relatore della tesi)
Natura: Manoscritto Libro
Lingua:slovacco
Pubblicazione: 2019
Soggetti:
Accesso online:http://is.stuba.sk/zp/portal_zp.pl?podrobnosti=144598
Tags: Aggiungi Tag
Nessun Tag, puoi essere il primo ad aggiungerne!!

MARC

LEADER 00000ntm a22000003a 4500
001 stuzp74211
003 SK-STU
005 20190624131902.3
007 ta
008 150427s2015----xo-----f-mn---000-0-slo-d
040 |a STU  |b slo 
041 0 |a slo 
044 |a xo 
100 1 |a Feiler, Martin  |u 033000  |k Z4  |4 aut  |U FEI Fakulta elektrotechniky a informatiky  |T FEI Ústav elektroniky a fotoniky  |X 74517  |U E030  |Y 549  |7 74517 
242 0 1 |a Design and properties simulation of selected photonic devices  |y eng 
245 1 0 |a Návrh a simulácia vlastností vybraných fotonických prvkov 
260 |c 2019 
300 |a 71 s.,  |b CD-ROM 
650 4 |a vlnovod  |2 slo 
650 4 |a MMI delič  |2 slo 
650 4 |a elektro-optická modulácia  |2 slo 
650 4 |a BaTiO3  |2 slo 
650 4 |a MMI splitter  |2 eng 
650 4 |a electro-optic modulation  |2 eng 
650 4 |a BaTiO3  |2 eng 
650 4 |a waveguide  |2 eng 
700 1 |a Uherek, František  |u 033000  |k Z1  |4 ths  |U FEI Fakulta elektrotechniky a informatiky  |T FEI Ústav elektroniky a fotoniky  |X 1937  |U E030  |Y 549  |7 A000001937 
856 4 |u http://is.stuba.sk/zp/portal_zp.pl?podrobnosti=144598 
996 |b 284EP12170  |c E*DIPL- 12170  |l EE33  |s P  |a 0  |w stuzp74211_0001